|
|
|
แสดงรายละเอียดบรรณานุกรม |
|
|||
| ห้องสมุดโรงเรียนพะเยาพิทยาคม...ยินดีต้อนรับ...ทุกท่านเข้าสู่ระบบห้องสมุดอัตโนมัติ | ||||
|
Brief Record
: Get Marc (ISO 2709)
: E-mail record
: |
|
|
| LEADER 00000nam 2200000uu 4500 | |||
| 001 13399112225 | |||
| 003 ULIBM | |||
| 008 120912s2555||||th 000 0 tha d | |||
| 020 ^a9786162012303 | |||
| 082 ^aค378.16^bจ158ต | |||
| 100 ^aจรัญ บุระตะ | |||
| 245 ^aติวเข้ม GAT ตอนที่ 1 ความถนัดทั่วไป/^cโดย จรัญ บุระตะ | |||
| 260 ^aพิมพ์ครั้งที่ 1^bกรุงเทพฯ^c พ.ศ.พัฒนา ,^d2555 | |||
| 300 ^a212 หน้า:^bภาพประกอบ;^c26 ซม. | |||
| 650 ^aความถนัดทั่วไป - ข้อสอบและเฉลย | |||
| 945 ^p130^l0^i39077 | |||
| 999 ^akanya | |||
| คุณยังไม่ได้ล็อกอิน คุณสามารถมีกิจกรรมร่วมกับเว็บไซต์ได้ แต่ต้องล็อกอินก่อน :: |
|
| สถานะ | |||||||||
| 1. | คู่มือเตรียมสอบ | ค378.16 จ158ต 2555 Barcode: 39077 | ►คู่มือเตรียมสอบ | On Shelf ขอยืม | |||||
| 2. | คู่มือเตรียมสอบ | ค378.16 จ158ต 2555 ฉ.2 Barcode: 39078 | ►คู่มือเตรียมสอบ | On Shelf ขอยืม | |||||
| 3. | คู่มือเตรียมสอบ | ค378.16 จ158ต 2555 ฉ.3 Barcode: 39079 | ►คู่มือเตรียมสอบ | On Shelf ขอยืม | |||||
| [แสดง 3/3 รายการ] | |||||||||
หนังสือดีน่าอ่าน

“ดั่งดวงแก้ว ส่องสว่าง ทางสายงาม”
จัดทำขึ้นเพื่อเฉลิมพระเกียรติ สมเด็จพระเทพรัตนราชสุดา ฯ สยามบรมราชกุมารี
เนื่องในโอกาสมหามงคลเฉลิมพระชนมพรรษา ๕ รอบ ๒ เมษายน ๒๕๕๘
โดยหนังสือเล่มนี้ได้รวบรวม ๖๐ พระอัจฉริยภาพของสมเด็จพระเทพ ฯ
ผู้อ่านจะได้รับแรงบันดาลใจให้พากเพียรเรียนรู้และขยันอดทนทำการงาน
ตามรอยเบื้องพระยุคลบาท เพราะพระองค์ทรงเป็นแบบอย่างอันดีเยี่ยมในทุกด้าน
ทั้งในความใฝ่รู้ใฝ่เรียน คุณธรรมจริยธรรม พระวิริยอุตสาหะในการทรงงาน
และอื่นๆอีกมากมาย ล้วนสามารถสร้างแรงบันดาลใจให้แก่เด็กและเยาวชน
อีกทั้งประชาชนทั่วไป ให้พากเพียรเรียนรู้และขยันอดทนทำการงานตามรอยพระยุคลบาท
เพื่อฝึกฝนตนเองให้เป็นคนดีคนเก่งของครอบครัวและสังคมต่อไป

แสดงความเห็นเกี่ยวกับหนังสือเล่มนี้ |
| คอมเมนท์ทรัพยากรรายการนี้ |
|
ห้องสมุดเฉลิมพระเกียรติกาญจนาภิเษก โรงเรียนพะเยาพิทยาคม อำเภอเมือง จังหวัดพะเยา 56000
![]()
![]()
E-mail :
Library Phayaopittayakom
05-4431-275 ต่อ 4621